[Event "Sautron op 21th"]
[Site "Sautron"]
[Date "2014.08.30"]
[Round "3"]
[White "Pla Gassol, Mickael"]
[Black "Jackson, Thomas"]
[Result "0-1"]
[WhiteElo "1858"]
[BlackElo "1671"]
[PlyCount "58"]
[EventDate "2014.08.28"]
[EventType "swiss"]
[EventRounds "6"]
[EventCountry "FRA"]
[SourceTitle "EXT 2015"]
[Source "ChessBase"]
[SourceDate "2014.11.20"]
[SourceVersion "1"]
[SourceVersionDate "2014.11.20"]
[SourceQuality "1"]

1. e4 c6 2. d4 d5 3. Nc3 dxe4 4. Nxe4 Bf5 5. Ng3 Bg6 6. Nf3 Nd7 7. Nh4 e6 8. Nxg6 hxg6 9. Be3 Ngf6 10. Qd2 Bd6 11. 0-0-0 Qc7 12. Be2 Nd5 13. Nf1 N7f6 14. Bf3 0-0-0 15. h3 Nb6 16. Qa5 Kb8 17. Nd2 Qe7 18. a3 Bc7 19. Nb3 Nfd5 20. Kb1 Nc4 21. Qa4 Ncxe3 22. fxe3 Nxe3 23. Rd3 Nd5 24. Nc5 Bb6 25. c4 Nf4 26. Rb3 Rxd4 27. Bxc6 Qxc5 28. Bb5 Rhd8 29. Rf1 Rd1+ 0-1